Fascist interactions

Titel: Fascist interactions : proposals for a new approach to fascism and its era, 1919-1945 / David D. Roberts
Verfasser:
Veröffentlicht: New York; Oxford : Berghahn, 2016
Umfang: ix, 319 Seiten
Format: Buch
Sprache: Englisch
RVK-Notation:
Schlagworte:
ISBN: 9781785331305 ; 9781785331312
Buchumschlag
X
alg: 37595561
001A    $00026:16-03-16 
001B    $03025:23-03-23 $t12:55:20.000 
001C    $00034:20-10-16 $t12:31:17.000 
001D    $00026:04-07-16 
001U    $0utf8 
001X    $00 
002@    $0Aau 
002C    $aText $btxt $2rdacontent 
002D    $aohne Hilfsmittel zu benutzen $bn $2rdamedia 
002E    $aBand $bnc $2rdacarrier 
003@    $0375955615 
003O    $0918876089 $aOCoLC 
004A    $A978-1-7853-3130-5 $fhbk 
004O    $A978-1-78533-131-2 $So $feBook 
007A    $0375955615 $aHEB 
009P    $qapplication/pdf $A2 $3Inhaltsverzeichnis $uhttp://scans.hebis.de/HEBCGI/show.pl?37595561_toc.pdf $mV:DE-604 
010@    $aeng 
010E    $erda 
011@    $a2016 
021A    $aFascist interactions $dproposals for a new approach to fascism and its era, 1919-1945 $hDavid D. Roberts 
028A    $BVerfasser $#Roberts, David D. $#Roberts, David Dion $#Roberts, D. D. $4aut $7137461445 $8Roberts, David D.$Z1943- [Tp1] $9209477393 
033A    $pNew York $pOxford $nBerghahn 
034D    $aix, 319 Seiten 
037A    $aLiteraturverzeichnis: Seite 297-311 
039U    $8--Oou--Hett, Benjamin Carter$Z1965- [Tp3]. Two Faces of Fascism, 2018 $9506250490 
044K    $#Abendland $#Okzident $74015701-5 $8Europa [Tgz] $908503617X 
044K    $RIdeologie $RRechtsradikalismus $RAntifaschismus $RFaschist $#Fascism $#Fascisme $#Fascismo $#Faschismus $74016494-9 $8Faschismus [Ts1] $9085038679 
045R    $aGeschichte 1919-1945 
045Z    $8NK 6870 [Tkv] $9410891142 

lok: 37595561 23

exp: 37595561 23 1 #EPN
201B/01 $025-10-24 $t11:09:35.000 
201C/01 $022-09-16 
201U/01 $0utf8 
203@/01 $0782835104 
208@/01 $a20-10-16 $bz 
209A/01 $a35 NK 6870 R643 $du $f030 $hNK 6870 R643 $x00 
209G/01 $a27729797 $x00 
247C/01 $8352030-4 <34/30>Kassel, UB Kassel, Standort Brüder-Grimm-Platz, Landesbibliothek und Murhardsche Bibliothek der Stadt Kassel $9102599475 

lok: 37595561 78

exp: 37595561 78 1 #EPN
201B/01 $023-03-23 $t12:56:15.000 
201C/01 $023-03-23 
201U/01 $0utf8 
203@/01 $01229861998 
208@/01 $a23-03-23 $be 
209A/01 $a/ $f000 $x00 
209A/01 $ab*p $x01 
220C/01 $apgar 
247C/01 $82080>Marburg/Lahn, Herder-Institut, Forschungsbibliothek, Bibliographieportal $9336309341 

lok: 37595561 204

exp: 37595561 204 1 #EPN
201B/01 $031-01-17 $t16:08:31.000 
201C/01 $016-03-16 
201U/01 $0utf8 
203@/01 $0770001688 
208@/01 $a31-01-17 $bz084 
209A/01 $aEb 74 $ds $f084 $h084 eb 74 $x00 
209C/01 $a084 87171558 
209G/01 $a87171558 $x00 
247C/01 $8631084-9 <26/084>Gießen, Universität Gießen, Fachbibliothek Geschichts- und Kulturwissenschaften / Bibliothek im Historischen Institut $9102596948
LEADER 00000cam a2200000 c 4500
001 375955615
003 DE-603
005 20230323125520.0
007 tu
008 160316s2016 xx |||| | u00||u|eng c
020 |a 9781785331305  |c hbk 
035 |a (DE-599)HEB375955615 
035 |a (OCoLC)918876089 
040 |a DE-603  |b ger  |c DE-603  |d DE-603  |e rda 
041 |a eng 
084 |a NK 6870  |0 (DE-625)126145:  |0 (DE-603)410891142  |2 rvk 
100 1 |a Roberts, David D.  |d 1943-  |e Verfasser  |4 aut  |0 (DE-603)209477393  |0 (DE-588)137461445  |2 gnd 
245 0 0 |a Fascist interactions  |b proposals for a new approach to fascism and its era, 1919-1945  |c David D. Roberts 
264 1 |a New York  |a Oxford  |b Berghahn  |c 2016 
300 |a ix, 319 Seiten 
336 |a Text  |b txt  |2 rdacontent 
337 |a ohne Hilfsmittel zu benutzen  |b n  |2 rdamedia 
338 |a Band  |b nc  |2 rdacarrier 
500 |a Literaturverzeichnis: Seite 297-311 
648 7 |a Geschichte 1919-1945  |2 gnd 
650 7 |a Faschismus  |0 (DE-588)4016494-9  |0 (DE-603)085038679  |2 gnd 
651 7 |a Europa  |0 (DE-588)4015701-5  |0 (DE-603)08503617X  |2 gnd 
776 1 |z 9781785331312 
787 0 8 |i Rezensiert in  |a Hett, Benjamin Carter, 1965-  |t Two Faces of Fascism  |w (DE-603)506250490 
856 4 2 |m V:DE-604  |q application/pdf  |u http://scans.hebis.de/HEBCGI/show.pl?37595561_toc.pdf  |3 Inhaltsverzeichnis 
924 0 |9 34/30  |a (DE-603)782835104  |b DE-34-30  |c HES  |d c  |g 35 NK 6870 R643 
924 0 |9 2080  |a (DE-603)1229861998  |b DE-2080  |c HES  |d d  |g / 
924 0 |9 26/084  |a (DE-603)770001688  |b DE-26-084  |c HES  |d d  |g Eb 74